LEADER 03163nam0 2200445 i 450 001 BVEE011766 005 20170908093156.0 012 $am-di o)a, n-te tisu (3) 1582 (R)$2fei 100 $a20031114d1582 ||||0itac50 ba 101 | $aita 102 $afr 181 1$6z01$ai $bxxxe 182 1$6z01$an 200 1 $a˜Le œhistorie della citta di Fiorenza di M. Iacopo Nardi cittadino fiorentino. Le quali con tutta quella particolarità che bisogna, contengono quanto dal'anno 1494. fino al tempo del'anno 1531. è successo. Con vn catalogo de Gonfalonieri di Giustizia, che hanno seduto nel supremo magistrato della citta di Fiorenza. Et nella fine vn discorso sopra lo stato della magnifica città di Lione 205 $aNuouamente poste in luce 210 $aIn Lione$cappresso Theobaldo Ancelin$d1582 215 $a[4] , 232 , [36] c.$d4º 300 $aAdams N39.- A cura di Francesco Giuntini, il cui nome compare nella pref., autore inoltre del "Discorso sopra lo stato della magnifica città di Lione" 300 $aCors. ; rom 300 $aSegn.: [ast]⁴a-z⁴A-2X⁴ 300 $aIniziali, fregi e cornice xil. 316 $a1 v.$5IT-NA0070, A 061 09 316 $a1 esemplare. Altro esempl.: G 098 16$5IT-NA0070, A 061 09 316 $a1 v.$5IT-NA0070, A 061 09 316 $av. 2 (misc.)$5IT-NA0075, A 32 0080 423 0$12001 $aDiscorso sopra lo stato della magnifica citta di Lione$fFrancesco Giuntini$1700 1$aGiuntini$b, Francesco$f <1523-1590>$3CFIV120251 620 $dLione$3RLZL001494 700 1$aNardi$b, Jacopo$f <1476-1563>$3CFIV018218$4070$0192137 702 1$aGiuntini$b, Francesco$f <1523-1590>$3CFIV120251 712 02$aAncelin, Thibaud$3BVEV017088$4650 790 1$aNardi$b, Iacopo$3CFIV018219$zNardi, Jacopo <1476-1563> 791 02$aAncelin, Teobaldo$3CFIV236943$zAncelin, Thibaud 801 3$aIT$bIT-NA0079$c20031114 850 $aIT-NA0070$aIT-NA0075 912 $aBVEE011766 950 0$aBiblioteca Universitaria$c3 esemplari$d BUA 061 09$e BUSI 0000202145 B 1 v.$fZ $h20110309$i20110309$c1 esemplare$d BUSALA VITI RARI.01 27$e BU 0000950275 B 1 esemplare. Altro esempl.: G 098 16$fZ $h20071119$i20071119$b1 v.$c1 v.$d BUG 098 16$e BUSI 0000141715 B 1 v.$fZ $h20031114$i20031114 950 0$aBiblioteca statale oratoriana dei Girolamini$c1 v,$d GEA 32 0080$e GE 0000022385 B 0002 v. 2 (misc.)$fN $h20120320$i20120320 977 $a BU$a GE 996 $aHistorie della citta di Fiorenza di M. Iacopo Nardi cittadino fiorentino. Le quali con tutta quella particolarità che bisogna, contengono quanto dal'anno 1494. fino al tempo del'anno 1531. è successo. Con vn catalogo de Gonfalonieri di Giustizia, che hanno seduto nel supremo magistrato della citta di Fiorenza. Et nella fine vn discorso sopra lo stato della magnifica città di Lione$91479301 997 $aUNISANNIO